| 000 | 01755nam0a2200337 4500 | ||
|---|---|---|---|
| 001 | RU\NLR\bibl\1768631 | ||
| 005 | 20260408025233.0 | ||
| 021 |
_aRU _b2011-29740 _92110 |
||
| 035 | _a(NLR Aleph) 001759418 | ||
| 090 |
_a1568873 _c1568873 |
||
| 100 | _a20110513d2011 |||y0rusy50 ca | ||
| 101 | 0 | _arus | |
| 102 | _aRU | ||
| 105 | _aa z 000zy | ||
| 200 | 1 |
_aМатериалы XVIII Конгресса детских гастроэнтерологов России и стран СНГ "Актуальные проблемы абдоминальной патологии у детей", Москва, 22-24 марта 2011 г. _fпод общ. ред. проф. Ю.Г. Мухиной и проф. С.В. Бельмера |
|
| 210 |
_aМосква _cМЕДПРАКТИКА-М _d2011 |
||
| 215 |
_a391 с. _cил. _d20 |
||
| 300 | _aЗагл. обл.: Актуальные проблемы абдоминальной патологии у детей | ||
| 300 | _aВ надзаг.: Науч. о-во гастроэнтерологов России | ||
| 320 | _aБиблиогр. в конце докл. | ||
| 512 | 1 | _aАктуальные проблемы абдоминальной патологии у детей | |
| 606 | 1 |
_aПищеварительная система детей _jСъезды, совещания и т.п. _xБолезни _91090036 _3RU\NLR\auth\66108391 |
|
| 686 | _aР733.413я431(0) | ||
| 710 | 1 | 2 |
_aКонгресс детских гастроэнтерологов России и стран СНГ _d18 _f2011 _eМосква _3RU\NLR\AUTH\8810186346 _9867244 |
| 801 | 0 |
_aRU _bNLR _c20110513 _gRCR |
|
| 801 | 1 |
_aRU _bNLR _c20110513 |
|
| 942 | _cBOOK | ||
| 980 | _aNB | ||
| 980 | _aNBR | ||